Guess the 1970s song lyrics #365 - Statistics

General Stats
  • This quiz has been taken 14 times
  • The average score is 173 of 442
Answer Stats
Answer % Correct
a
100%
do
100%
Do
100%
I
100%
the
92%
to
92%
be
83%
go
83%
oh
83%
Oh
83%
when
83%
you
83%
You
83%
your
83%
and
75%
can't
75%
down
75%
fo
75%
Get
75%
get
75%
I'm
75%
in
75%
it
75%
It's
75%
know
75%
like
75%
on
75%
You're
75%
Don't
67%
me
67%
no
67%
Now
67%
of
67%
up
67%
want
67%
Want
67%
what
67%
about
58%
All
58%
all
58%
night
58%
say
58%
They
58%
with
58%
are
50%
around
50%
a-way
50%
Dance
50%
Fee
50%
mo
50%
Right
50%
way
50%
Let's
42%
Talk
42%
talk
42%
again
33%
Back
33%
car
33%
Everybody
33%
fi
33%
fum
33%
middle
33%
Pop
33%
pop
33%
Sing
33%
some
33%
street
33%
They're
33%
Try
33%
wanna
33%
world
33%
doo
25%
London
25%
Munich
25%
muzik
25%
New
25%
our
25%
Radio
25%
shake
25%
song
25%
buy
17%
disco
17%
hold
17%
La
17%
la
17%
made
17%
Milk
17%
Paris
17%
rat
17%
video
17%
York
17%
Boogie
8%
cake
8%
Forget
8%
hot
8%
Listen
8%
listen
8%
living
8%
Moonlight
8%
playing
8%
race
8%
read
8%
rock
8%
Selling
8%
shoe
8%
shoo
8%
suitcase
8%
Which
8%
wop
8%
Wrong
8%
Activate
0%
anything
0%
betweenie
0%
clear
0%
countdown
0%
dedicate
0%
Dig
0%
doobie
0%
Eenie
0%
fast
0%
fever
0%
gunslinger
0%
headline
0%
Hit
0%
Infiltrate
0%
Jack
0%
Jumping
0%
knack
0%
Knick
0%
lane
0%
Loud
0%
mart
0%
meanie
0%
meenie
0%
miney
0%
Mix
0%
Molotov
0%
muzak
0%
paddy
0%
shine
0%
Shoobie
0%
Shuffle
0%
singer
0%
subway
0%
super
0%
surround
0%
Upside
0%
wack
0%
Wherever
0%
No matching quizzes found
Score Distribution
Percent of People with Each Score
Percentile by Number Answered
Your Score History
You have not taken this quiz